| Tag |
First Indicator |
Second Indicator |
Subfields |
| LEADER |
00000cam a2200000 4500 |
| 001 |
in00000068102 |
| 005 |
20151008051336.0 |
| 008 |
720211s1964 ne b 00000 eng u |
| 010 |
|
|
|a 63021306
|
| 035 |
|
|
|a (OCoLC)00239731
|
| 035 |
|
|
|9 AAG7298AM
|
| 040 |
|
|
|c WSU
|d TXA
|d UtOrBLW
|
| 049 |
|
|
|a TXAM
|c [401253]
|
| 050 |
|
0 |
|a HC240
|b .S75 1964
|
| 092 |
|
|
|a 338.914
|b S915e, 1964
|
| 100 |
1 |
|
|a Streeten, Paul.
|
| 245 |
1 |
0 |
|a Economic integration: aspects and problems.
|
| 250 |
|
|
|a 2d rev. and enl. ed.
|
| 264 |
|
1 |
|a Leyden :
|b A. W. Sythoff,
|c 1964.
|
| 300 |
|
|
|a 176 pages :
|b illustrations ;
|c 24 cm.
|
| 336 |
|
|
|a text
|b txt
|2 rdacontent
|
| 337 |
|
|
|a unmediated
|b n
|2 rdamedia
|
| 338 |
|
|
|a volume
|b nc
|2 rdacarrier
|
| 490 |
0 |
|
|a European aspects; a collection of studies relating to European integration. Ser. B: Economics, no. 5
|
| 504 |
|
|
|a Bibliographical footnotes.
|
| 650 |
|
0 |
|a International economic integration.
|
| 651 |
|
0 |
|a Europe
|x Economic policy.
|
| 999 |
|
|
|a MARS
|
| 999 |
f |
f |
|s d047502b-a58f-3801-a227-d4ad24351ec4
|i ad0d94a5-f785-35c1-8c7d-4e372dd49147
|t 0
|
| 952 |
f |
f |
|p ric
|a Texas A&M University
|b Rellis Campus
|c Joint Library Facility
|d Remote Storage
|t 0
|e HC240 .S75 1964
|h Library of Congress classification
|i unmediated -- volume
|m A14800773757
|
| 998 |
f |
f |
|a HC240 .S75 1964
|t 0
|l Remote Storage
|